Best Albums of all time (According to Reviews) - Statistics

General Stats
  • This quiz has been taken 45 times
  • The average score is 29 of 47
Answer Stats
Artist Album Average User Rating % Correct
Radiohead OK Computer 94
92%
Pink Floyd The Dark Side of the Moon 90
92%
The Beatles Abbey Road 91
89%
Kendrick Lamar To Pimp a Butterfly 95
86%
The Beatles Revolver 90
83%
Pink Floyd Wish You Were Here 92
81%
Nas Illmatic 92
78%
Radiohead In Rainbows 93
78%
Radiohead Kid A 92
78%
David Bowie The Rise and Fall of Ziggy Stardust and the Spiders from Mars 92
78%
Kendrick Lamar good kid, m.A.A.d city 93
75%
Madvillain Madvillainy 93
75%
Stevie Wonder Songs in the Key of Life 92
75%
Lauryn Hill The Miseducation of Lauryn Hill 90
72%
Wu-Tang Clan Enter the Wu-Tang (36 Chambers) 91
69%
King Crimson In The Court of the Crimson King 91
69%
Kanye West My Beautiful Dark Twisted Fantasy 90
69%
Marvin Gaye What's Going On 90
67%
Pink Floyd Animals 90
64%
The Jimi Hendrix Experience Electric Ladyland 91
64%
Joni Mitchell Blue 90
61%
Neutral Milk Hotel In the Aeroplane Over the Sea 90
61%
Prince & The Revolution Purple Rain 90
61%
Kate Bush Hounds of Love 91
58%
Sufjan Stevens Illinois 91
58%
Miles Davis Kind of Blue 90
58%
my bloody valentine loveless 90
58%
Talking Heads Remain in Light 91
58%
Björk Vespertine 92
58%
Miles Davis Bitches Brew 90
56%
The Microphones The Glow Pt. 2 91
56%
A Tribe Called Quest The Low End Theory 90
56%
OutKast Aquemini 90
50%
Björk Homogenic 91
50%
Joanna Newsom Ys 90
50%
Portishead Dummy 90
47%
Godspeed You! Black Emperor Lift Your Skinny Fists Like Antennas to Heaven 92
47%
C418 Minecraft - Volume Alpha 90
47%
John Coltrane A Love Supreme 90
44%
Slint Spiderland 90
44%
Have a Nice Life Deathconsciousness 91
42%
Godspeed You! Black Emperor F♯ A♯ ∞ 90
42%
Fishmans Long Season 90
42%
Charles Mingus The Black Saint and the Sinner Lady 92
39%
The Cure Disintegration 90
36%
Swans Soundtracks For The Blind 91
36%
Fishmans 98.12.28 Otokotachi no Wakare 93
25%
No matching quizzes found
Score Distribution
Percent of People with Each Score
Percentile by Number Answered
Your Score History
You have not taken this quiz